Cartas a um jovem dissidente (Record no. 1978)

MARC details
000 -Etiqueta do registo
Valores 00764nam a2200265 4500
010 ## - Número ISBN
ISBN 9789895762521
021 ## - Número do Depósito Legal
Código do país Portugal
Número 547699/25
100 ## - Dados gerais de processamento
Dados gerais 20251119d2025 m||y0pory50030103ba
101 ## - Língua de publicação
Língua Português
102 ## - País de publicação
País Portugal
200 ## - Titulo e menção de responsabilidade
Título próprio Cartas a um jovem dissidente
Primeira menção de responsabilidade Christopher Hitchens
Outras menções de responsabilidade trad. Helder Marques
205 ## - Menção da edição
Edição 1ª edição
210 ## - Publicação
Local de publicação Lisboa
Nome do editor Guerra e Paz
Data de publicação 2025
215 ## - Descrição física 
Paginação / Volumes 134, [2] p.
Dimensões 23 cm
225 ## - Colecção 
Título próprio da colecção Os livros não se rendem
300 ## - Notas gerais 
Texto da nota BMB-Registado
304 ## - Nota relativa ao título
Texto de nota Tít. orig.: Letters to a young contrarian
606 ## - Nome comum usado como assunto
ID Autoridade 1620
Palavra de ordem Atitudes sociais
675 ## - CDU
Notação 316.64
Edição BMB
Língua por
700 ## - Autor principal (pessoa individual)
Apelido Hitchens
Nome Christopher
Datas 1949-2011
ID Autoridade 2851
702 ## - Autor secundário (pessoa individual)
ID Autoridade 2852
Apelido Marques
Nome Helder
Função Tradutor
801 ## - Fonte de origem
País PT
Agência BMB
Regras de catalogação RPC
990 ## - Elementos KOHA
Tipo de documento Livro
Holdings
Situação do levantamento Estado Número Biblioteca de origem Código de barras Cota Permissão de empréstimo Tipo de documento Forma de aquisição
    1 Biblioteca Municipal de Borba 1927 316.64 HIT / CAR   Livro Oferta
Biblioteca Municipal de Borba

Powered by Koha